[Event "SWE-ch"]
[Site "Umea"]
[Date "2003.07.07"]
[Round "8"]
[White "Ahlander, Bjorn"]
[Black "Olsson, Anders"]
[Result "0-1"]
[WhiteElo "2389"]
[BlackElo "2383"]
[PlyCount "80"]
[EventDate "2003.06.29"]
[EventType "tourn"]
[EventRounds "13"]
[EventCountry "SWE"]
[EventCategory "9"]
[SourceTitle "EXT 2004"]
[Source "ChessBase"]
[SourceDate "2003.11.25"]
[SourceVersion "1"]
[SourceVersionDate "2003.11.25"]
[SourceQuality "1"]

1. d4 Nf6 2. c4 g6 3. Nc3 Bg7 4. e4 d6 5. Be2 0-0 6. Nf3 e5 7. 0-0 Nc6 8. d5 Ne7 9. b4 Nh5 10. c5 f5 11. Ng5 Nf4 12. cxd6 cxd6 13. Bxf4 exf4 14. Rc1 h6 15. Ne6 Bxe6 16. dxe6 Bxc3 17. Rxc3 fxe4 18. Bb5 Qb6 19. Bd7 d5 20. Rc5 Rf5 21. a3 Raf8 22. Re1 h5 23. Qd4 Rg5 24. a4 f3 25. g3 h4 26. a5 Qd6 27. Rxe4 hxg3 28. hxg3 Rxg3+ 29. Kf1 Rh3 30. Ke1 b6 31. axb6 axb6 32. Rc3 Nf5 33. Rc6 dxe4 34. Rxd6 e3 35. Qxe3 Nxe3 36. Rc6 Nd5 37. Kd2 Rh2 38. Kd3 Rxf2 39. Rd6 Ne7 40. Kd4 Rd2+ 0-1

[Event "SWE-ch"]
[Site "Umea"]
[Date "2003.07.06"]
[Round "7"]
[White "Olsson, Anders"]
[Black "Hector, Jonny"]
[Result "0-1"]
[WhiteElo "2383"]
[BlackElo "2553"]
[PlyCount "62"]
[EventDate "2003.06.29"]
[EventType "tourn"]
[EventRounds "13"]
[EventCountry "SWE"]
[EventCategory "9"]
[SourceTitle "EXT 2004"]
[Source "ChessBase"]
[SourceDate "2003.11.25"]
[SourceVersion "1"]
[SourceVersionDate "2003.11.25"]
[SourceQuality "1"]

1. e4 e5 2. Nf3 Nc6 3. c3 d5 4. Bb5 dxe4 5. Nxe5 Qd5 6. Qa4 Nge7 7. f4 Bd7 8. Nxd7 Kxd7 9. Bc4 Qf5 10. d4 exd3 11. 0-0 Rd8 12. b4 Nd5 13. Qb3 Kc8 14. a4 a5 15. Bb5 axb4 16. a5 Nxc3 17. Nxc3 Nd4 18. Qa4 bxc3 19. a6 Qxb5 20. a7 Bc5 21. a8Q+ Kd7 22. Qxb7 Nc6+ 23. Kh1 Qxb7 24. Qc4 Bb6 25. Qxd3+ Kc8 26. Qf3 f5 27. Ra3 c2 28. Bb2 Na5 29. Qe2 Rd1 30. Rxd1 cxd1Q+ 31. Qxd1 Nc4 0-1